| 000 | 00501nam a2200145Ia 4500 | ||
|---|---|---|---|
| 008 | 231129s2008||||xx |||||||||||||| ||spa|| | ||
| 020 | _a978-958-98220-3-6 | ||
| 040 | _bspa | ||
| 082 | _a362.29 C718p | ||
| 100 | _aColombia. Ministerio de la Protección Social | ||
| 245 | 0 | _aPrevención del consumo de sustancias psicoactivas desde el ámbito laboral: Lineamientos para empleadores | |
| 260 | _c2008 | ||
| 264 | _aImprenta Nacional de Colombia | ||
| 942 |
_2ddc _cBKS |
||
| 999 |
_c23170 _d23170 |
||